=LDR 00000nam 2200000 4500 =001 INLIS000000000036300 =005 20130612142109 =008 ***********************************Ind** =035 ##$$a0010-061300000036300 =041 ##$$a Ind =082 ##$$a 813 =090 ##$$a 813, Tur t =100 ##$$a Turner, Megan Whalen =245 ##$$a The queen of attoha = sang ratu dari attoha, megan Whalen Turner ; alih bahasa, Zaky Yamani =260 ##$$a 2011 $b Jakarta =300 ##$$a 363 hlm, 21 cm =650 ##$$a Fiksi Indonesia =700 ##$$a Yamani, Zaky =850 ##$$a NBPNMAT =990 ##$$a 94672/BPAP-NTB/2014 =990 ##$$a 21195859/BPAP-NTB/2014 =990 ##$$a 83788378 =990 ##$$a 01201708378 =990 ##$$a 94672/BPAP-NTB/2014 =990 ##$$a 21195859/BPAP-NTB/2014